00466nam a2200157 a 450000100100000000500170001000800410002702000150006804000250008304100080010810000200011624500830013626000470021930000210026650000210028700003665520200930075844.0120124s1961 xxu 000 0 spa d a0395081343 aDO-SdBNPbspacBNPHU17aeng1 aRogers, Carl R.10aOn becoming a person :ba Therapist s View of psychotherapy /cCarl R. Rogers. aBoston :bHoughton Mifflin company,c1961. a420 p. ;c22 cm. aIncluye índice